30 rokov transformácie Slovenska
Uložené v:
| Korporativný autor: | |
|---|---|
| Médium: | Kniha |
| Jazyk: | Slovak |
| Vydavateľské údaje: |
Bratislava
Vydavateľstvo UK
2019
|
| Vydanie: | 1. vydanie |
| Predmet: | |
| Tagy: |
Žiadne tagy, Buďte prvý, kto otaguje tento záznam!
|
MARC
| LEADER | 00000nam a2200000 4500 | ||
|---|---|---|---|
| 001 | 0266994 | ||
| 005 | 20240221111540.7 | ||
| 020 | |a 978-80-223-4859-1 | ||
| 041 | 0 | |a slo | |
| 044 | |a SK | ||
| 245 | 1 | 0 | |a 30 rokov transformácie Slovenska |
| 250 | |a 1. vydanie | ||
| 264 | 1 | |a Bratislava |b Vydavateľstvo UK |c 2019 | |
| 300 | |a 460 s. | ||
| 610 | 2 | 0 | |a transformácia |
| 610 | 2 | 0 | |a riadenie hospodárske |
| 610 | 2 | 0 | |a politika vnútorná |
| 610 | 2 | 0 | |a politika zahraničná |
| 610 | 2 | 0 | |a politika regionálna |
| 610 | 2 | 0 | |a populácia |
| 610 | 2 | 0 | |a demografia |
| 610 | 2 | 0 | |a výstavba bytová |
| 610 | 2 | 0 | |a mestá |
| 610 | 2 | 0 | |a vývoj sociálny |
| 610 | 2 | 0 | |a vývoj hospodársky |
| 610 | 2 | 0 | |a úroveň životná |
| 610 | 2 | 0 | |a Slovensko |
| 710 | 2 | |a Univerzita Komenského v Bratislave | |